Macedonia-Alexandria : the monumental funerary complexes of the late Classical and Hellenistic age /

This text explores the influence of Macedonians and Greeks settling in Alexandria ad Aegyptum on the structural form of underground tombs, comparing in synthetic form the structural elements of the cist graves, chamber and rock-cut tombs of Macedonia with the Alexandrian hypogea, while taking into a...

وصف كامل

محفوظ في:

المؤلف الرئيسي: Gorzelany, Dorota (مؤلف)

التنسيق: كتاب الكتروني

اللغة: English

منشور في: Summertown, Oxford : Archaeopress Publishing Ltd, 2019.

الموضوعات:

الوصول للمادة أونلاين: Login to view Source

الوسوم: إضافة وسم

لا توجد وسوم, كن أول من يضع وسما على هذه التسجيلة!

رقم الطلب: NB1803

LEADER 02024nam a2200409 i 4500
001 EDZ0002020222
003 StDuBDS
005 20230412182436.0
006 m|||||o||d||||||||
007 cr |||||||||||
008 190228s2019 enka fob 001|0|eng|d
020 |a 9781789691375 (ebook) :  |c No price 
040 |a StDuBDS  |b eng  |c StDuBDS  |e rda  |e pn 
050 4 |a NB1803 
082 0 4 |a 726.809381  |2 23 
100 1 |a Gorzelany, Dorota,  |e author. 
245 1 0 |a Macedonia-Alexandria :  |b the monumental funerary complexes of the late Classical and Hellenistic age /  |c Dorota Gorzelany. 
264 1 |a Summertown, Oxford :  |b Archaeopress Publishing Ltd,  |c 2019. 
300 |a 1 online resource (244 pages) :  |b illustrations (black and white, and colour) 
336 |a text  |2 rdacontent 
336 |a still image  |2 rdacontent 
337 |a computer  |2 rdamedia 
338 |a online resource  |2 rdacarrier 
500 |a Previously issued in print: 2019. 
504 |a Includes bibliographical references and index. 
520 8 |a This text explores the influence of Macedonians and Greeks settling in Alexandria ad Aegyptum on the structural form of underground tombs, comparing in synthetic form the structural elements of the cist graves, chamber and rock-cut tombs of Macedonia with the Alexandrian hypogea, while taking into account geographical factors that conditioned them. 
521 |a Specialized. 
588 |a Description based on online resource; title from home page (viewed on February 28, 2019). 
650 0 |a Sepulchral monuments  |z Macedonia  |x History  |y To 1500. 
650 0 |a Sepulchral monuments  |z Egypt  |z Alexandria  |x History  |y To 1500. 
651 0 |a Macedonia  |x Antiquities. 
651 0 |a Alexandria (Egypt)  |x Antiquities. 
776 0 8 |i Print version :  |z 9781789691368 
856 4 0 |3 Archaeopress  |u http://library.arce.org:8087/Archaeopress/Products/9781789691368 
942 |2 lcc  |c EBOOK 
952 |0 0  |1 0  |4 0  |6 NB1803  |7 1  |9 46517  |a ARCH  |b ARCH  |d 2023-04-12  |l 0  |o NB1803  |r 2023-04-12 00:00:00  |w 2023-04-12  |y EBOOK 
999 |c 52175  |d 52175